000 00301nam a2200133Ia 4500
100 _aProductivity Development Team
942 _cBK
245 _aKaizen for the shopfloor
260 _bProduction Pres Inc
_c2002
082 _a658
_bPDT
300 _a87
546 _aENGLISH
_cInfo.Tech
999 _c24234
_d24234